| 000 | 00945cam a2200313 i 4500 | ||
|---|---|---|---|
| 001 | 200463507 | ||
| 003 | TR-AnTOB | ||
| 005 | 20241227090853.0 | ||
| 007 | ta | ||
| 008 | 031113s1986 tu a b 000 0 tur d | ||
| 020 |
_a9753510098 _q(paperback) |
||
| 020 |
_a9789753510097 _q(paperback) |
||
| 040 |
_aB9K _beng _erda _cB9K _dOCLCF _dOCLCO _dOCLCQ _dSULEY _dTR-AnTOB |
||
| 041 | 0 | _atur | |
| 050 | 1 | 4 |
_aP121 _b.K573 1986 |
| 090 |
_aP121 _b.K573 1986 |
||
| 100 | 1 |
_aKıran, Zeynel, _d1943- _eauthor _9147673 |
|
| 245 | 1 | 0 |
_aDilbilim akımları / _cDoç. Dr. Zeynel Kıran. |
| 250 | _a1. baskı Ocak 1986 | ||
| 264 | 1 |
_aAnkara: _bYabancı Diller Kitap ve Yayın Merkezi, _c1986. |
|
| 300 |
_a215 pages : _billustrations ; _c20 cm |
||
| 336 |
_atext _btxt _2rdacontent |
||
| 337 |
_aunmediated _bn _2rdamedia |
||
| 338 |
_avolume _bnc _2rdacarrier |
||
| 504 | _aBIB | ||
| 650 | 0 |
_aDilbilim _925592 |
|
| 942 |
_2lcc _cBK |
||
| 999 |
_c200463507 _d81719 |
||